| 000 | 00656nam a2200229Ia 4500 | ||
|---|---|---|---|
| 003 | GCL | ||
| 008 | 140319s9999 xx 000 0 ara d | ||
| 040 |
_aGCL / _cGCL |
||
| 082 | 0 | 4 |
_a550 _bف ف |
| 100 | 1 | _aمحمد قدرى لطفى | |
| 245 | 1 | 0 |
_aالفضاء / _cمحمد قدرى لطفى |
| 700 | 1 | _aمحمد جمال الدين الفندى (مترجم) | |
| 700 | 1 | _aبودندورف، اللا | |
| 300 | _a48 ص | ||
| 490 |
_aالف باء _v0 |
||
| 650 | 0 | 4 | _aالفضاء |
| 650 | 0 | 4 | _aالفلك الوصفى |
| 650 | 0 | 4 | _aرحلات الفضاء |
| 650 | 0 | 4 | _aالفضاء الخارجى |
| 650 | 0 | 4 | _aالقمر |
| 942 |
_2ddc _cBK |
||
| 999 |
_c46625 _d46625 |
||